| 000 | 00572nam a2200181 a 4500 | ||
|---|---|---|---|
| 001 | 3841 | ||
| 005 | 20140414131851.0 | ||
| 008 | 040603s19uu xx 00 eng d | ||
| 050 |
_aM 550 _bAr8 1987 |
||
| 100 | _aArvetis, Chris | ||
| 245 |
_aWhy is it hot? / _cChris Arvetis and Carole Palmer ; illustrated by Vernon McKissack. |
||
| 260 |
_aMiddletown, CT : _bField Publications, _c1987. |
||
| 300 | _a1 v. (unp.) : ill. ; cm. | ||
| 440 | _aA just ask book | ||
| 650 |
_aWeather _xJuvenile literature. |
||
| 650 |
_aTemperature _xJuvenile literature. |
||
| 999 |
_c110182 _d110182 |
||